LIBRARY & INFORMATION CENTRE, KCAET, TAVANUR

ONLINE PUBLIC ACCESS CATALOGUE (OPAC)

Food Processing: An Industrial Powerhouse in Transition (Record no. 14220)

MARC details
000 -LEADER
fixed length control field 00338nam a22001337a 4500
020 ## - INTERNATIONAL STANDARD BOOK NUMBER
ISBN 9788126551422
082 ## - DEWEY DECIMAL CLASSIFICATION NUMBER
Classification number 664
Item number CON/FO
100 ## - MAIN ENTRY--AUTHOR NAME
Personal name Connor, John. M
-- Schiek, William. A
245 ## - TITLE STATEMENT
Title Food Processing: An Industrial Powerhouse in Transition
250 ## - EDITION STATEMENT
Edition statement 2
260 ## - PUBLICATION, DISTRIBUTION, ETC. (IMPRINT)
Place of publication New Delhi
Name of publisher Wiley
Year of publication 2014
300 ## - PHYSICAL DESCRIPTION
Number of Pages 666
942 ## - ADDED ENTRY ELEMENTS (KOHA)
Koha item type Books
Holdings
Withdrawn status Lost status Damaged status Home library Current library Shelving location Date acquired Source of acquisition Cost, normal purchase price Full call number Accession Number Koha item type
      KAUAET KAUAET General Stacks 04/06/2016 SouthernBook Center, Tvm 5995.00 664.024 CON/FO 24899 Books
free website counter